| 000 | 00446aam a22001572 4500 | ||
|---|---|---|---|
| 001 | 116847 | ||
| 003 | ES-MaACL | ||
| 005 | 20230906190759.0 | ||
| 007 | t| | ||
| 008 | 061121s1968 sp r ||||1| spa d | ||
| 100 | 1 |
_aPascual Ferrández, Antonio. _989381 |
|
| 245 | 1 | 0 |
_aFraudes nolitivos / _cAntonio Pascual Ferrández. |
| 260 |
_aBarcelona : _bEdit. Peñíscola, _c1968. |
||
| 300 |
_a199 p. ; _c17 cm. |
||
| 852 |
_aES-MaACL _jE-2465 _bR.66370 |
||
| 999 |
_c116847 _d116847 |
||